MARC details
| 000 -LEADER |
| fixed length control field |
02359nam a2200709 a 4500 |
| 001 - CONTROL NUMBER |
| control field |
21288 |
| 003 - CONTROL NUMBER IDENTIFIER |
| control field |
VRT |
| 005 - DATE AND TIME OF LATEST TRANSACTION |
| control field |
20260226093058.0 |
| 008 - FIXED-LENGTH DATA ELEMENTS--GENERAL INFORMATION |
| fixed length control field |
240318s2012 xo j 010 f slo c |
| 015 ## - NATIONAL BIBLIOGRAPHY NUMBER |
| National bibliography number |
SNBA2013/04 |
| 020 ## - INTERNATIONAL STANDARD BOOK NUMBER |
| International Standard Book Number |
9788081420269 |
| Qualifying information |
(viaz.) |
| 035 ## - SYSTEM CONTROL NUMBER |
| System control number |
5FDDB3C6-8154-4233-ABD0-C4703B4C8074 |
| 035 ## - SYSTEM CONTROL NUMBER |
| System control number |
urn:nbn:sk:snk-amlfyk |
| 035 ## - SYSTEM CONTROL NUMBER |
| System control number |
urn:nbn:sk:snk-am00924h |
| 039 #9 - LEVEL OF BIBLIOGRAPHIC CONTROL AND CODING DETAIL [OBSOLETE] |
| Level of rules in bibliographic description |
202410072103 |
| Level of effort used to assign nonsubject heading access points |
AUTHORITY |
| Level of effort used to assign subject headings |
202410072041 |
| Level of effort used to assign classification |
AUTHORITY |
| Level of effort used to assign subject headings |
202410071913 |
| Level of effort used to assign classification |
AUTHORITY |
| Level of effort used to assign subject headings |
202403181524 |
| Level of effort used to assign classification |
VLOAD |
| 040 ## - CATALOGING SOURCE |
| Original cataloging agency |
POKPOH |
| Language of cataloging |
slo |
| Transcribing agency |
POKPOH |
| Modifying agency |
SNK |
| Description conventions |
AACR2 |
| 041 1# - LANGUAGE CODE |
| Language code of text/sound track or separate title |
slo |
| Language code of original |
eng |
| 044 ## - COUNTRY OF PUBLISHING/PRODUCING ENTITY CODE |
| MARC country code |
xo |
| ISO country code |
SK |
| 072 #7 - SUBJECT CATEGORY CODE |
| Subject category code |
821.111(73)-3 |
| Subject category code subdivision |
Americká próza |
| Source |
konspekt |
| 072 #7 - SUBJECT CATEGORY CODE |
| Subject category code |
821-93 |
| Subject category code subdivision |
Literatúra pre deti a mládež (beletria) |
| Source |
konspekt |
| 080 ## - UNIVERSAL DECIMAL CLASSIFICATION NUMBER |
| Universal Decimal Classification number |
821.111(73)-31 |
| Edition identifier |
2001 |
| 080 ## - UNIVERSAL DECIMAL CLASSIFICATION NUMBER |
| Universal Decimal Classification number |
821-93 |
| Edition identifier |
2001 |
| 080 ## - UNIVERSAL DECIMAL CLASSIFICATION NUMBER |
| Universal Decimal Classification number |
(0:82-312.9) |
| Edition identifier |
2001 |
| 100 1# - MAIN ENTRY--PERSONAL NAME |
| Personal name |
DeStefano, Lauren |
| Relationship |
aut |
| 240 10 - UNIFORM TITLE |
| Uniform title |
Fever (the chemical garden trilogy) |
| Language of a work |
Slovensky |
| 245 10 - TITLE STATEMENT |
| Title |
Záhrada večnosti |
| Remainder of title |
trilógia |
| Number of part/section of a work |
Kniha druhá |
| Name of part/section of a work |
Horúčka |
| Statement of responsibility, etc. |
Lauren DeStefano ; [preklad Zuzana Kamenská] |
| 246 30 - VARYING FORM OF TITLE |
| Title proper/short title |
Horúčka |
| 250 ## - EDITION STATEMENT |
| Edition statement |
1. vyd. |
| 260 ## - PUBLICATION, DISTRIBUTION, ETC. |
| Place of publication, distribution, etc. |
Bratislava |
| Name of publisher, distributor, etc. |
Fortuna Libri |
| Date of publication, distribution, etc. |
2012 |
| 300 ## - PHYSICAL DESCRIPTION |
| Extent |
351 s. |
| Dimensions |
22 cm |
| 490 1# - SERIES STATEMENT |
| Series statement |
Fortuna Teen |
| 500 ## - GENERAL NOTE |
| General note |
Rozlož. tit. strana |
| 655 #7 - INDEX TERM--GENRE/FORM |
| Genre/form data or focus term |
americké romány |
| Source of term |
SNKPH |
| 655 #7 - INDEX TERM--GENRE/FORM |
| Genre/form data or focus term |
fantasy romány |
| Source of term |
SNKPH |
| 655 #7 - INDEX TERM--GENRE/FORM |
| Genre/form data or focus term |
publikácie pre mládež |
| Source of term |
SNKPH |
| 655 #7 - INDEX TERM--GENRE/FORM |
| Genre/form data or focus term |
American fiction |
| Source of term |
SNKPHeng |
| 655 #7 - INDEX TERM--GENRE/FORM |
| Genre/form data or focus term |
Fantasy novels |
| Source of term |
SNKPHeng |
| 655 #7 - INDEX TERM--GENRE/FORM |
| Genre/form data or focus term |
Juvenile literature |
| Source of term |
SNKPHeng |
| 700 1# - ADDED ENTRY--PERSONAL NAME |
| Personal name |
Trstenská, Zuzana, |
| Dates associated with a name |
1982- |
| Relationship |
trl |
| 830 #0 - SERIES ADDED ENTRY--UNIFORM TITLE |
| Uniform title |
Fortuna Teen |
| 910 ## - USER-OPTION DATA (OCLC) |
| User-option data |
pokpoh |
| 910 ## - USER-OPTION DATA (OCLC) |
| User-option data |
pppk |
| 910 ## - USER-OPTION DATA (OCLC) |
| User-option data |
sllk |
| 910 ## - USER-OPTION DATA (OCLC) |
| User-option data |
totk |
| 910 ## - USER-OPTION DATA (OCLC) |
| User-option data |
vthk |
| 910 ## - USER-OPTION DATA (OCLC) |
| User-option data |
svkbb |
| 910 ## - USER-OPTION DATA (OCLC) |
| User-option data |
hevk |
| 910 ## - USER-OPTION DATA (OCLC) |
| User-option data |
savuk |
| 910 ## - USER-OPTION DATA (OCLC) |
| User-option data |
ttkjf |
| 910 ## - USER-OPTION DATA (OCLC) |
| User-option data |
bpksh |
| 910 ## - USER-OPTION DATA (OCLC) |
| User-option data |
snk |
| 910 ## - USER-OPTION DATA (OCLC) |
| User-option data |
skpk |
| 942 ## - ADDED ENTRY ELEMENTS (KOHA) |
| Source of classification or shelving scheme |
Dewey Decimal Classification |
| Koha item type |
Krásna literatúra pre dospelých |
| Suppress in OPAC |
No |
| 949 ## - LOCAL PROCESSING INFORMATION (OCLC) |
| 6 |
3869A13375 |
| a |
bpksh821.111(73)-31 |
| b |
bpksh63176 |
| 949 ## - LOCAL PROCESSING INFORMATION (OCLC) |
| 6 |
270001000404044 |
| a |
svkbbA 135200-2 |
| b |
svkbbm 731724 |
| 949 ## - LOCAL PROCESSING INFORMATION (OCLC) |
| 6 |
3869A17336 |
| a |
bpksh821.111(73)-31 |
| b |
bpksh61621 |
| 949 ## - LOCAL PROCESSING INFORMATION (OCLC) |
| 6 |
273K0580443 |
| a |
svkpoB 93244 |
| b |
svkpo577764 |
| 949 ## - LOCAL PROCESSING INFORMATION (OCLC) |
| 6 |
17A1056077 |
| a |
snkSC 151157/2 |
| b |
snk2012/22824 |
| o |
2471/12 |
| s |
6100:20160112 |
| 949 ## - LOCAL PROCESSING INFORMATION (OCLC) |
| 6 |
17A1056079 |
| a |
snkSC 151157/2 D1 |
| b |
snk2012/22825 |
| o |
2471/12 |
| 949 ## - LOCAL PROCESSING INFORMATION (OCLC) |
| 6 |
2889192071 |
| a |
savukPV 17085 |
| b |
savuk2012/4681 |